Waste management and planning / (Record no. 60073)
[ view plain ]
| 000 -LEADER | |
|---|---|
| fixed length control field | 00963nam a2200277 a 4500 |
| 001 - CONTROL NUMBER | |
| control field | 60073 |
| 003 - CONTROL NUMBER IDENTIFIER | |
| rucl marc code | BD-RJUL |
| 005 - DATE AND TIME OF LATEST TRANSACTION | |
| control field | 20211209080812.0 |
| 008 - FIXED-LENGTH DATA ELEMENTS--GENERAL INFORMATION | |
| fixed length control field | 161228s2001 enkab 001 0 eng d |
| 020 ## - INTERNATIONAL STANDARD BOOK NUMBER | |
| International Standard Book Number | 1840642173 |
| 035 ## - SYSTEM CONTROL NUMBER | |
| System control number | BD-RjUL60197 |
| 040 ## - CATALOGING SOURCE | |
| Original cataloging agency | BDS |
| Language of cataloging | eng |
| Transcribing agency | BD-RjUL |
| 041 ## - LANGUAGE CODE | |
| Language code of text/sound track or separate title | eng |
| 082 0# - DEWEY DECIMAL CLASSIFICATION NUMBER | |
| Classification number | 363.728 |
| Edition number | 21 |
| Author mark and year | WAS 2001 |
| 245 00 - TITLE STATEMENT | |
| Title | Waste management and planning / |
| Statement of responsibility, etc. | edited by Jane C. Powell, R. Kerry Turner and Ian J. Bateman. |
| 260 ## - PUBLICATION, DISTRIBUTION, ETC. (IMPRINT) | |
| Place of publication, distribution, etc. | Cheltenham : |
| Name of publisher, distributor, etc. | Elgar Reference Collection, |
| Date of publication, distribution, etc. | c2001. |
| 300 ## - PHYSICAL DESCRIPTION | |
| Pagination | xxiii, 586 p. : |
| Illustrations | ill. ; |
| Size | 26 cm. |
| 504 ## - BIBLIOGRAPHY, ETC. NOTE | |
| Bibliography, etc | Includes bibliographical references. |
| 650 #0 - SUBJECT ADDED ENTRY--TOPICAL TERM | |
| Topical term or geographic name as entry element | Refuse and refuse disposal |
| General subdivision | Planning. |
| 9 (RLIN) | 178790 |
| Topical term or geographic name as entry element | Refuse and refuse disposal |
| General subdivision | Management. |
| 9 (RLIN) | 178791 |
| 700 1# - ADDED ENTRY--PERSONAL NAME | |
| Personal name | Powell, Jane C., |
| Dates associated with a name | 1951- |
| Personal name | Turner, R. Kerry. |
| Personal name | Bateman, Ian. |
| 830 #0 - SERIES ADDED ENTRY--UNIFORM TITLE | |
| Uniform title | Managing the environment for sustainable development ; |
| Volume number/sequential designation | 5 |
| 942 ## - ADDED ENTRY ELEMENTS (KOHA) | |
| Source of classification or shelving scheme | Dewey Decimal Classification |
| Koha item type | Books |
| Lost status | Source of classification or shelving scheme | Damaged status | Not for loan | Collection code | Permanent Location | Current Location | Shelving location | Date acquired | Source of acquisition | Cost, normal purchase price | Total Checkouts | Full call number | Date last seen | Copy number | Koha item type |
|---|---|---|---|---|---|---|---|---|---|---|---|---|---|---|---|
| Dewey Decimal Classification | Not For Loan | Non-fiction | Central Library, University of Rajshahi | Central Library, University of Rajshahi | Reading Room | 13/04/2006 | Paragon Enterprises Dhaka | 146.00 | 363.728 WAS 2001 | 28/12/2016 | C-1 | Books |